00462nam a22001457a 4500020002200000082001500022100001500037245006200052260003100114300000800145650002400153942000700177952011500184999001700299 a978-93-5143-106-0 a340.59 EDA aEdappagath aDivorce and Gender Equity in Muslim Personal Law of India aGurgaonbLexis Nexisc2014 a283 aMuslim Personal Law cBK 00104070aHMIbHMId2017-03-08eamazong495.00l4o340.59 EDAp25183r2018-09-25s2018-09-21w2017-03-08yBK c20337d20337